000 05424nam a2200517Ii 4500
001 9781315624921
003 FlBoTFG
005 20250124160957.0
006 m o d
007 cr
008 181112s2018 fluab ob 001 0 eng d
020 _a9781315624921
_q(e-book : PDF)
040 _aKO
_beng
040 _aFlBoTFG
_cFlBoTFG
_erda
041 0 _aeng
041 1 _aeng
072 7 _aLAW
_x034000
_2bisacsh
072 7 _aLAW
_x051000
_2bisacsh
072 7 _aLAW
_x066000
_2bisacsh
072 7 _aLNKJ
_2bicscc
245 0 0 _aInternational Marine Environmental Law and Policy /
_cedited by Daud Hassan and Saiful Karim.
250 _aFirst edition.
264 1 _aBoca Raton, FL :
_bRoutledge,
_c2018.
300 _a1 online resource (276 pages) :
_b1 illustrations, text file, PDF
336 _atext
_2rdacontent
337 _acomputer
_2rdamedia
338 _aonline resource
_2rdacarrier
504 _aIncludes bibliographical references and index.
505 0 0 _tNotes on the contributors --
_tAcknowledgements --
_t--PART I --
_tIntroduction and general framework for the international marine environmental law --
_t1 Contemporary issues in the protection and conservation of the marine environment: an overview ----Sandya Nishanthi Gunasekara and Md Saiful Karim --
_t--2 Ocean governance and marine environmental conservation: concepts, principles and institutions ----Abul Hasanat and Md Saiful Karim --
_t--PART II --
_tPrevention of marine pollution --
_t3 Prevention, reduction and control of marine pollution from land-based sources and activities ----Daud Hassan and Stan Palassis --
_t--4 Prevention, reduction and control of marine pollution from ships ----Mahatab Uddin and Md Saiful Karim --
_t--5 Control and prevention of marine pollution from offshore hydrocarbon and mineral resources exploration and production activities ----Hossein Esmaeili --
_t--6 Climate change, ocean acidification and the marine environment: challenges for the international legal regime ----Tavis Potts --
_t--7 Marine spatial planning and the new frontiers of marine governance----Niko Soininen and Daud Hassan --
_t--PART III --
_tConservation and management of marine living resources --
_t8 Conservation of marine living resources and fisheries management----Daud Hassan and Emdadul Haque --
_t--9 Marine protected areas: contemporary challenges and developments----Erika Techera --
_t--10 Recognition of Indigenous rights in governance of marine protected areas: applying international law and Australian experiences ----Donna Craig --
_t--PART IV --
_tPolar regions --
_t11 Protection of the Antarctic marine environment: dimensions, relationships and fields----Tuomas Kuokkanen --
_t--12 Protection of the arctic marine environment ----Timo Koivurova and Nengye Liu --
_t--PART V --
_tSettlement of disputes and conclusions 223 --
_t13 Contemporary marine environmental disputes ----Daud Hassan and Beatriz Garcia --
_t--14 Future of international marine environmental law and policy: concluding remarks ----Daud Hassan and Asraful Alam --
_t--Index.
520 3 _aSeveral disturbing issues pose a threat to the marine environment and its wellbeing, among them marine environmental pollution and degradation of marine biodiversity. Most troubling is that these issues are overwhelmingly caused by human activities which are sometimes transboundary, and their consequences will become more severe and complicated if not properly curbed. Thus, these activities require comprehensive policies, laws, and principles to manage them effectively. Linked to these solutions is the need for responsibilities, cooperation and commitments at local, national, regional and international levels. Contemporary Marine Environmental Law and Policy presents a thorough appraisal of the main issues, actors and institutions engaged in the legal aspects of marine environmental conservation. With contributions from an international range of authors, the book provides a concise account of the legal and policy framework underlying international marine environmental issues, and of the fundamental concepts and strategies that are important to the protection of the marine environment. Some of the topics explored include: the prevention of marine pollution caused by land based activities, ships, and offshore hydrocarbon and mineral resources exploration; the conservation and management of marine living resources; the marine environment in the polar regions; and the settlement of marine environmental disputes. This book provides a solid foundation for anyone studying International Environmental Law and the Law of the Sea. It will also appeal to anyone seeking to gain a deeper understanding of this hugely important subject.
530 _aAlso available in print format.
650 7 _aLAW / International.
_2bisacsh
650 7 _aLAW / Maritime.
_2bisacsh
650 0 _aMarine pollution
_xLaw and legislation.
650 0 _aMarine resources conservation
_xLaw and legislation.
650 0 _aMarine parks and reserves
_xLaw and legislation.
650 0 _aEnvironmental law, International.
655 0 _aElectronic books.
700 1 _aHassan, Daud,
_eeditor.
700 1 _aKarim, Saiful,
_eeditor.
710 2 _aTaylor and Francis.
856 4 0 _uhttps://www.taylorfrancis.com/books/9781315624921
_zClick here to view.
904 _aRUDRA_R
905 _aR_RANJAN
942 _cEB
999 _c3060
_d3060